| 000 | 00753nam a2200229 a 4500 | ||
|---|---|---|---|
| 005 | 20220606094005.0 | ||
| 008 | 020906s1992 mx r 000 0 spa d | ||
| 020 | _a9682318351 | ||
| 035 | _aUPN01000118935 | ||
| 049 | _aCG | ||
| 050 | 4 |
_aND259 L6 _bL3.2 |
|
| 100 | 1 |
_aLabastida, Jaime, _d1939- _928849 |
|
| 245 | 1 | 0 |
_aAntonio López Sáenz / _ctextos de Jaime Labastida, Antonio Haas, Cristina Pacheco. |
| 260 |
_aMéxico : _bSiglo XXI ; _bDIFOCUR, _c1992. |
||
| 300 |
_a199 p. : _eprincipalmente il. |
||
| 440 | 4 | _aLos once ríos | |
| 600 | 1 | 4 |
_aLOPEZ SAENZ, ANTONIO, _d1936- - _xTRABAJOS PICTORICOS |
| 650 | 2 |
_aPintores mexicanos _918893 |
|
| 700 | 1 |
_aHaas, Antonio, _ecoaut. |
|
| 700 | 1 |
_aPacheco, Cristina, _d1941- _ecoaut. _930526 |
|
| 905 | _aLibro | ||
| 999 |
_c91297 _d91297 |
||